Statistiques concernant Pays les plus proches de la France métropolitaine

Cliquez ici pour prendre le quiz!

Statistiques générales

  • Ce quiz a été pris 4,845 fois
  • Le résultat moyen est 18 sur 20

Statistiques - réponses

km pays % Correct
0Suisse
99%
0Allemagne
99%
0Belgique
99%
0Italie
99%
0Espagne
99%
0Luxembourg
97%
33Royaume-Uni
97%
61Pays-Bas
95%
0Monaco
94%
0Andorre
94%
412Portugal
93%
148Autriche
93%
432Irlande
86%
240Vatican
80%
150Liechtenstein
80%
430Slovénie
77%
403Croatie
75%
313République tchèque
75%
259Saint-Marin
74%
450Tunisie
46%

Distribution des résultats

Percentile by Number Answered

% des personnes avec chaque résultat

Votre développement - résultats

Vous n’avez pas pris ce quiz